| 000 | 01976cam a2200349 a 4500 | ||
|---|---|---|---|
| 001 | 15682217 | ||
| 003 | OSt | ||
| 005 | 20140310182743.0 | ||
| 008 | 090401s2010 mauab b 001 0 eng | ||
| 010 | _a 2009013911 | ||
| 020 | _a9789810697747 | ||
| 020 | _a0136087582 | ||
| 035 | _a(OCoLC)ocn297149500 | ||
| 040 |
_aDLC _cDLC _dBTCTA _dYDXCP _dC#P _dBWX _dCDX _dDLC |
||
| 050 | 0 | 0 |
_aHF 5429 _b.B45 2010 |
| 100 | 1 | _aBerman, Barry. | |
| 245 | 1 | 0 |
_aRetail management : _ba strategic approach / _cBarry Berman, Joel R. Evans. |
| 250 | _a11th ed. | ||
| 260 |
_aUpper Saddle River, N.J. : _bPrentice Hall, _c2010. |
||
| 300 |
_a654 p. : _b ill., col. maps ; _c25 cm. |
||
| 504 | _aIncludes bibliographical references and indexes. | ||
| 505 | 0 | _aAn introduction to retailing -- Building and sustaining relationships in retailing -- Strategic planning in retailing -- Retail institutions by ownership -- Retail institutions by store-based strategy mix -- Web, nonstore-based, and other forms of nontraditional retailing -- Identifying and understanding consumers -- Information gathering and processing in retailing -- Trading-area analysis -- Site selection -- Retail organization and human resource management -- Operations management : financial dimensions -- Operations management : operational dimensions -- Developing merchandise plans -- Implementing merchandise plans -- Financial merchandise management -- Pricing in retailing -- Establishing and maintaining a retail image -- Promotional strategy -- Integrating and controlling the retail strategy. | |
| 521 | _aBSBA | ||
| 526 | _c 1210l to 1700L | ||
| 562 | _efor circulation. 1 copy available in the collection | ||
| 650 | 0 |
_aRetail trade _xManagement. |
|
| 700 | 1 | _aEvans, Joel R. | |
| 906 |
_a7 _bcbc _corignew _d1 _eecip _f20 _gy-gencatlg |
||
| 942 |
_2lcc _cBK _kFOR |
||
| 999 |
_c15601 _d15601 |
||